Vista normal
Vista MARC
Entrada Topical Term
Número de registros utilizados en: 1
001 - CONTROL NUMBER
- control field: 40112
003 - CONTROL NUMBER IDENTIFIER
- control field: OSt
005 - DATE AND TIME OF LATEST TRANSACTION
- control field: 20210907152507.0
008 - FIXED-LENGTH DATA ELEMENTS
- fixed length control field: 210907|| aca||aabn | a|a d
040 ## - CATALOGING SOURCE
- Original cataloging agency: OSt
- Transcribing agency: OSt
150 ## - HEADING--TOPICAL TERM
- Topical term or geographic name entry element: Sector agropecuario
- General subdivision: Aspectos económicos
- Geographic subdivision: Colombia
- Chronological subdivision: 1993-1994
670 ## - SOURCE DATA FOUND
- Source citation: Work cat.: (OSt)12385: Ocampo Gaviria, José Antonio, autor 7571, El giro de la política agropecuaria / , 1995.